Name the 2000s Nickelodeon Shows - Statistics

General Stats
  • This quiz has been taken 162 times
  • The average score is 10 of 25
Answer Stats
Hint Answer % Correct
Yellow quadrilateral sea creature Spongebob Squarepants
90%
Babies Rugrats
68%
Swiper no swiping! Dora the Explorer
66%
Teens making web shows iCarly
66%
Master of 4 elements Avatar: The Last Airbender
61%
Conjoined pets CatDog
57%
Boy turns into ghost Danny Phantom
54%
Football shaped head with yellow hair Hey Arnold!
54%
Magic fish who grant his every wish The Fairly OddParents
54%
Stepbrothers - playboy and nerd Drake & Josh
52%
Four guys in a band Big Time Rush
44%
Paw print mystery solving Blue's Clues
41%
The babies are older All Grown Up!
37%
Science prodigy, "think" The Adventures of Jimmy Neutron, Boy Genius
37%
Teenage girl at a boarding school Zoey 101
36%
Middle school tips Ned's Declassified School Survival Guide
32%
Calm blue octopus Oswald
30%
Magic chalk Chalkzone
27%
Pink-haired healthy girl LazyTown
25%
Redhead teenage girl As Told By Ginger
23%
Family filming animals The Wild Thornberrys
22%
Let's learn Mandarin Ni Hao, Kai-Lan
21%
Animals helping animals Wonder Pets!
17%
Sketch comedy and slime The Amanda Show
13%
Fashionista Teenager True Jackson, VP
11%
No matching quizzes found
Score Distribution
Percent of People with Each Score
Percentile by Number Answered
Your Score History
You have not taken this quiz